ბათუმის შოთა რუსთაველის სახელმწიფო უნივერსიტეტის ბიბლიოთეკა

იბერიულ-კავკასიური ენათმეცნიერების შესავალი : (ბიბ.ჩანაწერი № 52468)

000 -ლიდერი
ფიქსირებული სიგრძის საკონტროლო ველი 01508nam a2200229Ia 4500
001 - საკონტროლო ნომერი
საკონტროლო ველი 19491
003 - საკონტროლო ნომრის იდენტიფიკატორი
საკონტროლო ველი GE_BSU
005 - ბოლო ოპერაციის თარიღი და დრო
საკონტროლო ველი 20250912153701.0
008 - ფიქსირებული სიგრძის მონაცემთა ელემენტები - ზოგადი ინფორმაცია
ფიქსირებული სიგრძის საკონტროლო ველი 181216s1979||||ge |||||||||||||| ||geo||
040 ## - კატალოგიზაციის წყარო
Transcribing agency GE_BSU
041 ## - ენის კოდი
Language code of text/sound track or separate title geo
080 ## - უნივერსალური ათობითი კლასიფიკაციის ინდექსი
Universal Decimal Classification number 811.35(075.8) ჩ-69
100 ## - მთავარი ჩანაწერი - პიროვნების სახელი
Personal name ჩიქობავა, არნ.
9 (RLIN) 7708
245 ## - ცნობა სათაურის შესახებ
Title იბერიულ-კავკასიური ენათმეცნიერების შესავალი :
Remainder of title [სახელმძღვანელო სტუდენტებისათვის] /
Statement of responsibility, etc არნ. ჩიქობავა; თბილისის შრომის წითელი დროშის ორდენოსანი სახელმწიფო უნივერსიტეტი, კავკასიურ ენათა კათედრა.
264 ## - წარმოების, გამოცემის, დისტრიბუციის და სხვა ცნობები
გამოცემის, წარმოების, დისტრიბუციის... ადგილი თბილისი :
გამოცემის, წარმოების, დისტრიბუციის... სახელწოდება თბილ. უნ-ტის გამ-ბა,
გამოცემის, წარმოების, დისტრიბუციის... თარიღი 1979.
300 ## - ფიზიკური აღწერა
Extent 322 გვ;
Other physical details 21 სმ.
500 ## - ზოგადი შენიშვნა
General note პირთა საძიებელი: გვ. 316-318.
504 ## - BIBLIOGRAPHY, ETC. NOTE
Bibliography, etc ბიბლიოგრაფია: გვ. 308-315.
653 ## - INDEX TERM--UNCONTROLLED
Uncontrolled term იბერიულ-კავკასიური ენები
710 ## - ADDED ENTRY--CORPORATE NAME
Corporate name or jurisdiction name as entry element თბილისის შრომის წითელი დროშის ორდენოსანი სახელმწიფო უნივერსიტეტი. კავკასიურ ენათა კათედრა.
9 (RLIN) 23602
942 ## - ADDED ENTRY ELEMENTS (KOHA)
Koha item type წიგნი
Source of classification or shelving scheme
ეგზემპლარები
ჩამოწერის სტატუსი დაკარგული ეგზემპლარის სტატუსი კლასიფიკაციის წყარო ან თაროზე გაწყობის სქემა დაზიანების სტატუსი არ გაიცემა მუდმივი მდებარეობა (დაცვის ადგილი) ამჟამინდელი ადგილსამყოფელი თაროზე განთავსების ადგილი შეძენის თარიღი ღირებულება, შესყიდვის ნორმალური ფასი სრული შენახვის შიფრი შტრიხკოდი ბოლო ოპერაციის თარიღი ეგზემპლარის მიმდევრობითი ნომერი (კეტერი?) ფასის ძალაში შესვლის თარიღი ეგზემპლარის სახეობა საჯარო შენიშვნა
          ბათუმის შოთა რუსთაველის სახელმწიფო უნივერსიტეტის მთავარი ბიბლიოთეკა ბათუმის შოთა რუსთაველის სახელმწიფო უნივერსიტეტის მთავარი ბიბლიოთეკა წიგნსაცავი 2018-12-17 2.16 811.35(075.8) ჩ-69 48518 2018-12-17 48518 2018-12-17 წიგნი 2 ლ.16 თ.
          ბათუმის შოთა რუსთაველის სახელმწიფო უნივერსიტეტის მთავარი ბიბლიოთეკა ბათუმის შოთა რუსთაველის სახელმწიფო უნივერსიტეტის მთავარი ბიბლიოთეკა წიგნსაცავი 2018-12-17 2.16 811.35(075.8) ჩ-69 48521 2018-12-17 48521 2018-12-17 წიგნი 2 ლ. 16 თ.